<?xml version="1.0" encoding="UTF-8"?>
<record
    xmlns:xsi="http://www.w3.org/2001/XMLSchema-instance"
    xsi:schemaLocation="http://www.loc.gov/MARC21/slim http://www.loc.gov/standards/marcxml/schema/MARC21slim.xsd"
    xmlns="http://www.loc.gov/MARC21/slim">

  <leader>01687nmm a22002774a 4500</leader>
  <controlfield tag="003">BOLpUSFA</controlfield>
  <controlfield tag="005">20201006010246.0</controlfield>
  <controlfield tag="008">      t        es     gq  d  000 u spa d</controlfield>
  <datafield tag="017" ind1=" " ind2=" ">
    <subfield code="a"> </subfield>
  </datafield>
  <datafield tag="020" ind1=" " ind2=" ">
    <subfield code="a"> </subfield>
  </datafield>
  <datafield tag="041" ind1=" " ind2=" ">
    <subfield code="a">spa</subfield>
  </datafield>
  <datafield tag="044" ind1=" " ind2=" ">
    <subfield code="c">ES</subfield>
  </datafield>
  <datafield tag="100" ind1=" " ind2=" ">
    <subfield code="a"> Cury, Augusto</subfield>
  </datafield>
  <datafield tag="245" ind1=" " ind2=" ">
    <subfield code="a">Padres brillantes profesores fascinantes :</subfield>
    <subfield code="b">el m&#xE9;todo m&#xE1;s eficaz para formar j&#xF3;venes felices proactivos seguros e inteligentes </subfield>
    <subfield code="h">[recurso electr&#xF3;nico]</subfield>
  </datafield>
  <datafield tag="250" ind1=" " ind2=" ">
    <subfield code="a">1a.ed.</subfield>
  </datafield>
  <datafield tag="260" ind1=" " ind2=" ">
    <subfield code="a">s.l.:</subfield>
    <subfield code="b">s.e.,</subfield>
    <subfield code="c"> 2005.</subfield>
  </datafield>
  <datafield tag="300" ind1=" " ind2=" ">
    <subfield code="a">108 p. ; </subfield>
    <subfield code="b">PDF.</subfield>
  </datafield>
  <datafield tag="520" ind1=" " ind2=" ">
    <subfield code="a">Formar ni&#xF1;os y adolescentes sociables, felices, libres y emprendedores es un hermoso desaf&#xED;o en estos momentos. La soledad nunca fue tan intensa: los padres esconden sus sentimientos a los hijos, los hijos esconden sus l&#xE1;grimas a los padres, los maestros se ocultan detr&#xE1;s de las tizas. El estr&#xE9;s y la ansiedad son parte de la rutina de j&#xF3;venes y adultos. La producci&#xF3;n de conocimiento se ha multiplicado, pero las nuevas generaciones no son formadas para pensar, sino para repetir informaci&#xF3;n. La educaci&#xF3;n atraviesa una crisis sin precedentes en todo el mundo. &#xBF;Hay esperanza? &#xA1;S&#xED;! En este libro el psiquiatra y cient&#xED;fico Augusto Cury muestra que es necesario cultivar la emoci&#xF3;n y expandir la inteligencia de los j&#xF3;venes. Y, para eso, padres y maestros precisan de herramientas para estimular a los ni&#xF1;os y adolescentes.</subfield>
  </datafield>
  <datafield tag="650" ind1=" " ind2=" ">
    <subfield code="a">Educaci&#xF3;n</subfield>
  </datafield>
  <datafield tag="650" ind1=" " ind2=" ">
    <subfield code="a">Ense&#xF1;anza y formaci&#xF3;n</subfield>
  </datafield>
  <datafield tag="650" ind1=" " ind2=" ">
    <subfield code="a">Ni&#xF1;ez y adolescencia</subfield>
  </datafield>
  <datafield tag="650" ind1=" " ind2=" ">
    <subfield code="a">Docente</subfield>
  </datafield>
  <datafield tag="653" ind1=" " ind2=" ">
    <subfield code="a">Padres de familia</subfield>
  </datafield>
  <datafield tag="856" ind1=" " ind2=" ">
    <subfield code="u">http://biblioteca.usfa.edu.bo/cgi-bin/koha/opac-retrieve-file.pl?id=43d14f745830bbd73ab4e49e6471386f</subfield>
  </datafield>
  <datafield tag="942" ind1=" " ind2=" ">
    <subfield code="2">ddc</subfield>
    <subfield code="c">DOCE</subfield>
    <subfield code="z">WM: MCR</subfield>
  </datafield>
  <datafield tag="999" ind1=" " ind2=" ">
    <subfield code="c">2514</subfield>
    <subfield code="d">2514</subfield>
  </datafield>
</record>
